Philippine literary heritage from Spanish period to present / (Record no. 3089)
[ view plain ]
| 000 -LEADER | |
|---|---|
| fixed length control field | 00812nam a22002297a 4500 |
| 003 - CONTROL NUMBER IDENTIFIER | |
| control field | OSt |
| 005 - DATE AND TIME OF LATEST TRANSACTION | |
| control field | 20240924065904.0 |
| 008 - FIXED-LENGTH DATA ELEMENTS--GENERAL INFORMATION | |
| fixed length control field | 240924b |||||||| |||| 00| 0 eng d |
| 020 ## - INTERNATIONAL STANDARD BOOK NUMBER | |
| International Standard Book Number | 9789710445493 |
| 040 ## - CATALOGING SOURCE | |
| Original cataloging agency | DWCL-main lib. |
| Transcribing agency | OC |
| 082 ## - DEWEY DECIMAL CLASSIFICATION NUMBER | |
| Classification number | Fil. 899.211 M321p 2009 |
| 100 ## - MAIN ENTRY--PERSONAL NAME | |
| Personal name | MARCOS, LUCIVILLA L. |
| 245 ## - TITLE STATEMENT | |
| Title | Philippine literary heritage from Spanish period to present / |
| Statement of responsibility, etc. | Lucivilla L. Marcos, Marlyn Guilas Nielo, Suzette F. Valdez. |
| 260 ## - PUBLICATION, DISTRIBUTION, ETC. | |
| Place of publication, distribution, etc. | Manila : |
| Name of publisher, distributor, etc. | Mindshapers Co., Inc., |
| Date of publication, distribution, etc. | c2009. |
| 300 ## - PHYSICAL DESCRIPTION | |
| Extent | ix, 341 pages ; |
| Dimensions | 25 cm. |
| 504 ## - BIBLIOGRAPHY, ETC. NOTE | |
| Bibliography, etc. note | Includes bibliographical references. |
| 650 ## - SUBJECT ADDED ENTRY--TOPICAL TERM | |
| Topical term or geographic name entry element | Philippine literature |
| Form subdivision | Collections |
| 650 ## - SUBJECT ADDED ENTRY--TOPICAL TERM | |
| Topical term or geographic name entry element | Philippine literature (English) |
| 700 ## - ADDED ENTRY--PERSONAL NAME | |
| Personal name | Nielo, Marlyn Guilas |
| 700 ## - ADDED ENTRY--PERSONAL NAME | |
| Personal name | Valdez, Suzette F. |
| 942 ## - ADDED ENTRY ELEMENTS (KOHA) | |
| Source of classification or shelving scheme | Dewey Decimal Classification |
| Koha item type | Book-Filipiniana |
| Call number prefix | Fil. 899.211 M321p 2009 |
| Suppress in OPAC | Yes |
| 952 ## - LOCATION AND ITEM INFORMATION (KOHA) | |
| -- | |
| Withdrawn status | Lost status | Source of classification or shelving scheme | Damaged status | Not for loan | Home library | Current library | Shelving location | Date acquired | Source of acquisition | Cost, normal purchase price | Total Checkouts | Full call number | Barcode | Date last seen | Copy number | Price effective from | Koha item type | Uniform Resource Identifier |
|---|---|---|---|---|---|---|---|---|---|---|---|---|---|---|---|---|---|---|
| Dewey Decimal Classification | College Library | College Library | Filipiniana | 06/22/2009 | Donation | 0.00 | Fil. 899.211 M321p 2009 | 46670 | 09/24/2024 | c1 | 09/24/2024 | BK - FIL |